|
|
|
|
| LEADER |
00000ny a22000003n 4500 |
| 005 |
20110623131613.0 |
| 008 |
100316s2009 sp fr 000 0 spa d |
| 017 |
|
|
|a M. 52018-2009
|
| 020 |
|
|
|a 9788498497915
|
| 035 |
|
|
|a 5010
|
| 040 |
|
|
|a BUS
|d vLex
|
| 090 |
|
|
|c 1066
|d 1066
|
| 100 |
1 |
|
|a Julios-Campuzano, Alfonso de
|
| 245 |
1 |
3 |
|a La transicin̤ paradigmt̀ica de la teora̕ jurd̕ica
|h [Recurso electrn̤ico]
|b el derecho ante la globalizacin̤ /
|c Alfonso de Julios-Campuzano
|
| 256 |
|
|
|a Servicio en ln̕ea
|
| 260 |
|
|
|a Madrid :
|b Dykinson,
|c 2009
|
| 300 |
|
|
|a 250 p. ;
|c 21 cm.
|
| 504 |
|
|
|a Bibliogr.: p. [237]-250
|
| 506 |
1 |
|
|a Contenido solo disponible en los productos indicados
|d vLex Global
|d vLex Global (Academic Edition, excluding Law Schools)
|d vLex Global (U.S. Academic Edition, Law Schools)
|d vLex Global (U.S. Academic Edition, excluding Law Schools)
|d vLex Global (Academic Edition, Law Schools)
|
| 650 |
0 |
7 |
|a Derechos de la mujer
|2 Tesauro vLex
|
| 650 |
0 |
7 |
|a Ciencia del Derecho
|2 Tesauro vLex
|
| 650 |
0 |
7 |
|a Fuentes del derecho Civil
|2 Tesauro vLex
|
| 740 |
0 |
|
|a vLex Libros (Servicios en ln̕ea)
|
| 856 |
4 |
0 |
|u http://vlex.com/source/5010
|z Acceso restringido
|
| 942 |
|
|
|c BOOK
|